Hodnotenie výsledkov podnikateľskej činnosti v aplikačnej praxi podnikov na Slovensku

Z výskumu vyplynulo, že podniky sa pri analýze svojho aktuálneho stavu, postavenia na trhu a výsledkov svojej činnosti upriamujú najmä na hodnotenie finančnej oblasti a finančných ukazovateľov, z ktorých sa najviac skúmajú zisk a výnosy. Výsledky podnikateľskej činnosti teda neposudzujú komplexne a...

Descripción completa

Guardado en:
Detalles Bibliográficos
Autor principal: Kinčáková, Michaela
Otros Autores: Síbertová, Linda
Formato: Capítulo de libro
Lenguaje:eslovaco
Materias:
Etiquetas: Agregar Etiqueta
Sin Etiquetas, Sea el primero en etiquetar este registro!

MARC

LEADER 00000nla a2200000 4500
001 0181119
005 20240502073113.1
041 0 |a slo 
044 |a SK 
245 1 0 |a Hodnotenie výsledkov podnikateľskej činnosti v aplikačnej praxi podnikov na Slovensku  |c Michaela Kinčáková, Linda Síbertová 
520 |a Z výskumu vyplynulo, že podniky sa pri analýze svojho aktuálneho stavu, postavenia na trhu a výsledkov svojej činnosti upriamujú najmä na hodnotenie finančnej oblasti a finančných ukazovateľov, z ktorých sa najviac skúmajú zisk a výnosy. Výsledky podnikateľskej činnosti teda neposudzujú komplexne a z viacerých uhlov pohľadu. Taktiež vzniká otázka, či respondenti opodstatnene považujú situáciu v odvetví za determinujúci činiteľ a či nepodceňujú alebo si dokonca neuvedomujú skutočnú príčinu úspechu podnikov. 
610 2 0 |a podnik 
610 2 0 |a analýzy 
610 2 0 |a situácia finančná podniku 
610 2 0 |a výkonnosť podniku 
610 2 0 |a ukazovatele výkonnosti 
610 2 0 |a zisk podnikový 
100 1 |a Kinčáková, Michaela 
700 1 |a Síbertová, Linda